| 000 | 00856pam a2200289 a 4500 | ||
|---|---|---|---|
| 001 | 1921 | ||
| 003 | BD-RjUL | ||
| 005 | 20211208233437.0 | ||
| 008 | 131209r19871984cau b 001 0 eng | ||
| 020 | _a0803923473 | ||
| 020 | _a0803923481 (pbk.) | ||
| 035 | _a(BD-RjUL)1984 | ||
| 040 |
_aDLC _cDLC _dDLC _dBD-RjUL _beng |
||
| 041 | _aeng | ||
| 082 | 0 | 0 |
_a301.0723 _219 _bFOS 1987 |
| 100 | 1 |
_aFowler, Floyd J. _96346 |
|
| 245 | 1 | 0 |
_aSurvey research methods / _cFloyd J. Fowler, Jr. |
| 260 |
_aBeverly Hills : _aNew Delhi : _bSage Publications, _cc1984 [Reprint 1987]. |
||
| 300 |
_a159 p. ; _c23 cm. |
||
| 504 | _aBibliography: p. 153-155. | ||
| 504 | _aIncludes index. | ||
| 650 | 0 |
_aSocial surveys. _96348 |
|
| 942 |
_2ddc _cBK |
||
| 999 |
_c1921 _d1921 |
||